<?xml version="1.0" encoding="UTF-8"?>
<record
    xmlns:xsi="http://www.w3.org/2001/XMLSchema-instance"
    xsi:schemaLocation="http://www.loc.gov/MARC21/slim http://www.loc.gov/standards/marcxml/schema/MARC21slim.xsd"
    xmlns="http://www.loc.gov/MARC21/slim">

  <leader>01706nam a22003377a 4500</leader>
  <controlfield tag="003">DO-SdBNP</controlfield>
  <controlfield tag="005">20250307073711.0</controlfield>
  <controlfield tag="007">ta</controlfield>
  <controlfield tag="008">140626s1992    dr a   b      000 0 spa d</controlfield>
  <datafield tag="040" ind1=" " ind2=" ">
    <subfield code="a">DO-SdBNP</subfield>
    <subfield code="b">spa</subfield>
    <subfield code="c">BNPHU</subfield>
  </datafield>
  <datafield tag="082" ind1=" " ind2="4">
    <subfield code="a">RD863.42 </subfield>
    <subfield code="b">H519cu 1992</subfield>
    <subfield code="2">22</subfield>
  </datafield>
  <datafield tag="100" ind1="1" ind2=" ">
    <subfield code="a">Henr&#xED;quez Ure&#xF1;a, Pedro,</subfield>
    <subfield code="d">1884-1946   </subfield>
    <subfield code="9">1718</subfield>
  </datafield>
  <datafield tag="245" ind1="1" ind2="4">
    <subfield code="a">Los cuentos de la Nana Lupe /</subfield>
    <subfield code="c">Pedro Henr&#xED;quez Ure&#xF1;a ; ilustraciones Braulio Brito Mart&#xED;nez... [et. al]</subfield>
  </datafield>
  <datafield tag="260" ind1=" " ind2=" ">
    <subfield code="a">Santo Domingo :</subfield>
    <subfield code="b">Tobog&#xE1;n,</subfield>
    <subfield code="b">Alfa y Omega</subfield>
    <subfield code="c">1992.</subfield>
  </datafield>
  <datafield tag="300" ind1=" " ind2=" ">
    <subfield code="a">188p. :</subfield>
    <subfield code="b">il. ;</subfield>
    <subfield code="c">22 cm.</subfield>
  </datafield>
  <datafield tag="490" ind1="1" ind2=" ">
    <subfield code="a">Biblioteca Juvenil Tobog&#xE1;n ;</subfield>
    <subfield code="v">3 </subfield>
  </datafield>
  <datafield tag="500" ind1=" " ind2=" ">
    <subfield code="a">Incluye datos biogr&#xE1;ficos del autor en la pagina 9-10.</subfield>
  </datafield>
  <datafield tag="500" ind1=" " ind2=" ">
    <subfield code="a">Los cuentos de la nana Lupe, de Pedro Henr&#xED;quez Ure&#xF1;a, obra de Biblioteca Juvenil TOBOGAN, se publican gracias al patrocinio de: Campamento para ni&#xF1;os CASA DE CAMPO.</subfield>
  </datafield>
  <datafield tag="505" ind1="0" ind2=" ">
    <subfield code="t">Presentaci&#xF3;n --</subfield>
    <subfield code="t">Pedro Henr&#xED;quez Ure&#xF1;a --</subfield>
    <subfield code="t">En los volcanes --</subfield>
    <subfield code="t">El jauja --</subfield>
    <subfield code="t">Con las brujas --</subfield>
    <subfield code="t">Con las hormigas y la cigarra --</subfield>
    <subfield code="t">Con el cuervo y el coyote --</subfield>
    <subfield code="t">Con las ranas --</subfield>
    <subfield code="t">Con el Le&#xF3;n --</subfield>
    <subfield code="t">Con el camello --</subfield>
    <subfield code="t">Con el perro --</subfield>
    <subfield code="t">Con el corderito --</subfield>
    <subfield code="t">Con el gallo y la gallinas --</subfield>
    <subfield code="t">Con el zorro azul --</subfield>
    <subfield code="t">Con la cig&#xFC;e&#xF1;a --</subfield>
    <subfield code="t">Con el burro --</subfield>
    <subfield code="t">Con el burro y el rat&#xF3;n --</subfield>
  </datafield>
  <datafield tag="590" ind1=" " ind2=" ">
    <subfield code="a">Inventariado, 2022/ YL</subfield>
  </datafield>
  <datafield tag="650" ind1=" " ind2="0">
    <subfield code="a">Cuentos dominicanos</subfield>
    <subfield code="9">176</subfield>
  </datafield>
  <datafield tag="650" ind1=" " ind2="0">
    <subfield code="a">Literatura dominicana.</subfield>
    <subfield code="9">67</subfield>
  </datafield>
  <datafield tag="700" ind1="1" ind2="2">
    <subfield code="a">Brito Mart&#xED;nez, Braulio</subfield>
    <subfield code="e">il.</subfield>
    <subfield code="9">72388</subfield>
  </datafield>
  <datafield tag="700" ind1="1" ind2="2">
    <subfield code="a">Ferm&#xED;n, Andr&#xE9;s</subfield>
    <subfield code="e">il.</subfield>
    <subfield code="9">82788</subfield>
  </datafield>
  <datafield tag="700" ind1="1" ind2="2">
    <subfield code="a">Su&#xE1;rez, Frank</subfield>
    <subfield code="e">il.</subfield>
    <subfield code="9">10209</subfield>
  </datafield>
  <datafield tag="700" ind1="1" ind2="2">
    <subfield code="a">Vargas, Domingo Nicol&#xE1;s</subfield>
    <subfield code="e">il.</subfield>
    <subfield code="9">82789</subfield>
  </datafield>
  <datafield tag="700" ind1="1" ind2="2">
    <subfield code="a">N&#xFA;&#xF1;ez, Ruddy</subfield>
    <subfield code="e">il.</subfield>
    <subfield code="9">23171</subfield>
  </datafield>
  <datafield tag="830" ind1=" " ind2="0">
    <subfield code="a">Biblioteca Juvenil Tobog&#xE1;n ;</subfield>
    <subfield code="n">3</subfield>
    <subfield code="9">72389</subfield>
  </datafield>
  <datafield tag="910" ind1=" " ind2=" ">
    <subfield code="a">YLockward.</subfield>
  </datafield>
  <datafield tag="942" ind1=" " ind2=" ">
    <subfield code="2">ddc</subfield>
    <subfield code="c">LBS1</subfield>
  </datafield>
  <datafield tag="952" ind1=" " ind2=" ">
    <subfield code="0">0</subfield>
    <subfield code="1">0</subfield>
    <subfield code="2">ddc</subfield>
    <subfield code="5">1</subfield>
    <subfield code="7">0</subfield>
    <subfield code="8">PD</subfield>
    <subfield code="a">BNPHU</subfield>
    <subfield code="b">BNPHU</subfield>
    <subfield code="c">HD</subfield>
    <subfield code="d">2021-02-19</subfield>
    <subfield code="e">Arq. Fern&#xE1;ndez</subfield>
    <subfield code="o">BNPHU PD RD863.42 H519cu 1992</subfield>
    <subfield code="p">2022-5126</subfield>
    <subfield code="r">2022-11-10</subfield>
    <subfield code="w">2022-11-10</subfield>
    <subfield code="y">LBS1</subfield>
  </datafield>
  <datafield tag="999" ind1=" " ind2=" ">
    <subfield code="c">52856</subfield>
    <subfield code="d">52856</subfield>
  </datafield>
</record>
